<?xml version="1.0" encoding="UTF-8"?><?xml-stylesheet type="text/xsl" href="static/style.xsl"?><OAI-PMH xmlns="http://www.openarchives.org/OAI/2.0/" xmlns:xsi="http://www.w3.org/2001/XMLSchema-instance" xsi:schemaLocation="http://www.openarchives.org/OAI/2.0/ http://www.openarchives.org/OAI/2.0/OAI-PMH.xsd"><responseDate>2026-06-29T01:18:59Z</responseDate><request verb="GetRecord" identifier="oai:docta.ucm.es:20.500.14352/114044" metadataPrefix="marc">https://docta.ucm.es/rest/oai/request</request><GetRecord><record><header><identifier>oai:docta.ucm.es:20.500.14352/114044</identifier><datestamp>2025-03-18T14:11:10Z</datestamp><setSpec>com_20.500.14352_14</setSpec><setSpec>col_20.500.14352_15</setSpec></header><metadata><record xmlns="http://www.loc.gov/MARC21/slim" xmlns:dcterms="http://purl.org/dc/terms/" xmlns:xsi="http://www.w3.org/2001/XMLSchema-instance" xmlns:doc="http://www.lyncode.com/xoai" xsi:schemaLocation="http://www.loc.gov/MARC21/slim http://www.loc.gov/standards/marcxml/schema/MARC21slim.xsd">
   <leader>00925njm 22002777a 4500</leader>
   <datafield ind2=" " ind1=" " tag="042">
      <subfield code="a">dc</subfield>
   </datafield>
   <datafield ind2=" " ind1=" " tag="720">
      <subfield code="a">Moreno Martín, Francisco José</subfield>
      <subfield code="e">author</subfield>
   </datafield>
   <datafield ind2=" " ind1=" " tag="260">
      <subfield code="c">2021</subfield>
   </datafield>
   <datafield ind2=" " ind1=" " tag="520">
      <subfield code="a">La batalla de Guadalete, lejos de sepultar la memoria del reino visigodo, supuso el comienzo de su mitificación. Desde entonces hasta nuestros días, linajes reales, obispos y políticos de variada ideología se han apropiado de la memoria de este pueblo para defender sus derechos y construir la identidad española. Un puñado de fuentes escritas y casi el total desconocimiento de su cultura material fueron suficientes para sentenciar que con ellos surgió la «nación más antigua de Europa» fundamentada en la defensa de la fe católica y la lucha contra la herejía. Se abusó de las fuentes escritas y materiales con la intención de exponer la construcción mítica del relato histórico que, todavía en nuestros días, constituye un objeto de discusión política y, en no pocas ocasiones, también un obstáculo para el avance del conocimiento científico.</subfield>
   </datafield>
   <datafield ind1="8" ind2=" " tag="024">
      <subfield code="a">Moreno Martín, F. (2022). El eterno retorno del reino visigodo. Relecturas desde la heterodoxia. Intus - Legere Historia, 15(2), 8-31. doi:https://doi.org/10.15691/%x</subfield>
   </datafield>
   <datafield ind1="8" ind2=" " tag="024">
      <subfield code="a">10.15691/%x</subfield>
   </datafield>
   <datafield ind1="8" ind2=" " tag="024">
      <subfield code="a">https://hdl.handle.net/20.500.14352/114044</subfield>
   </datafield>
   <datafield ind2="0" ind1="0" tag="245">
      <subfield code="a">El eterno retorno del reino visigodo. Relecturas desde la heterodoxia</subfield>
   </datafield>
</record></metadata></record></GetRecord></OAI-PMH>